Statistics for Bad Romance - Lady Gaga (All Lyrics)

Click here to take the quiz!

General Stats

  • This quiz has been taken 4,198 times
  • The average score is 332 of 412

Answer Stats

Lyrics% Correct
I
99%
a
98%
bad
98%
bad.
98%
Bad
98%
romance.
98%
you.
97%
you
97%
You
97%
want
96%
Want
96%
your
95%
Your
95%
Love,
94%
love
94%
love,
94%
love.
94%
Oh.
92%
And
88%
and
88%
in
86%
me
86%
revanche.
84%
revenge.
83%
Caught
80%
it,
76%
it
76%
could
75%
as
70%
that
69%
long
68%
free.
66%
free
66%
write
66%
it's
65%
know
64%
need
64%
be
63%
disease.
61%
baby.
60%
Baby
60%
everything
60%
the
60%
The
60%
ugly,
57%
don't
56%
wanna
55%
friends.
53%
you're
53%
all
52%
of
48%
bitch
45%
bitch,
45%
lovers
45%
touch
45%
I'm
44%
kiss
44%
mine.
44%
psycho,
44%
fashion
43%
hand.
42%
Je
41%
je
41%
crazy.
40%
drama.
40%
Walk,
40%
walk,
40%
criminal
39%
stick.
39%
sand.
38%
sick.
38%
amour
37%
amour.
37%
Work
37%
horror.
36%
vertigo
36%
'Cause
35%
leather
35%
my
35%
design.
33%
No,
33%
ton
33%
move
32%
studded
30%
et
29%
veux
29%
window.
22%
rear
20%

Score Distribution

Percentile by Number Answered

Percent of People with Each Score

Your Score History

You have not taken this quiz